[Event "Geza Hetenyi Mem 2023"]
[Site "Budapest HUN"]
[Date "2023.07.15"]
[Round "5.1"]
[White "Sjugirov, Sanan"]
[Black "Prohaszka, Peter2"]
[Result "1-0"]
[WhiteTitle "GM"]
[BlackTitle "GM"]
[WhiteElo "2699"]
[BlackElo "2585"]
[WhiteFideId "4189302"]
[BlackFideId "726265"]
[EventDate "2023.07.11"]

1. c4 e6 2. Nc3 d5 3. d4 Nf6 4. cxd5 exd5 5. Bg5 c6 6. e3 h6 7. Bh4 Be7 8. Bd3
O-O 9. Nge2 Re8 10. Qc2 Nbd7 11. O-O Nh5 12. Bxe7 Qxe7 13. Rae1 Nf8 14. Kh1 Bd7
15. Ng1 Nf6 16. Nf3 Rac8 17. Ne5 c5 18. f4 b5 19. dxc5 Qxc5 20. Qd2 b4 21. Ne2
Bb5 22. Rc1 Qb6 23. Rxc8 Rxc8 24. Qxb4 Bxd3 25. Qxb6 axb6 26. Nxd3 Re8 27. Ne5
Ng6 28. Nxg6 Rxe3 29. Nd4 fxg6 30. Rd1 Re4 31. g3 Ng4 32. Kg1 Ne3 33. Rd3 g5 34.
fxg5 hxg5 35. b3 Kf7 36. h3 g4 37. h4 Kf6 38. Kf2 g6 39. Ne2 Nc2 40. Rxd5 Nb4
41. Rd6+ Kf7 42. a4 Ke7 43. Rd4 Rxd4 44. Nxd4 Kf6 45. Ke3 Ke5 46. Ne2 Kf5 47.
Kd4 Na6 48. Kd5 Nb4+ 49. Kc4 Na6 50. Kb5 Nc7+ 51. Kxb6 Nd5+ 52. Kb7 Ke4 53. a5
Nb4 54. a6 Nxa6 55. Kxa6 Kf3 56. b4 1-0

[Event "Geza Hetenyi Mem 2023"]
[Site "Budapest HUN"]
[Date "2023.07.15"]
[Round "5.2"]
[White "Maghsoodloo, Parham"]
[Black "Wojtaszek, Radoslaw"]
[Result "0-1"]
[WhiteTitle "GM"]
[BlackTitle "GM"]
[WhiteElo "2719"]
[BlackElo "2676"]
[WhiteFideId "12539929"]
[BlackFideId "1118358"]
[EventDate "2023.07.11"]

1. e4 e5 2. Nf3 Nc6 3. Bb5 a6 4. Ba4 Nf6 5. O-O Be7 6. Re1 b5 7. Bb3 O-O 8. a4
b4 9. d3 d6 10. c3 Rb8 11. Nbd2 Na5 12. Ba2 c5 13. Nc4 Nc6 14. h3 h6 15. d4 bxc3
16. bxc3 cxd4 17. cxd4 exd4 18. Nxd4 Nxd4 19. Qxd4 d5 20. Bf4 Rb4 21. exd5 Qxd5
22. Qc3 Bb7 23. f3 Qc5+ 24. Be3 Nd5 25. Qd3 Nxe3 26. Qxe3 Bd5 27. Kh2 Bxc4 28.
Qxe7 Qxe7 29. Rxe7 Rxa4 30. Bxc4 Rxa1 31. h4 h5 32. g4 hxg4 33. fxg4 g6 34. Ra7
a5 35. g5 Ra4 36. Rc7 Kg7 37. Kg2 Rb4 38. Kg3 a4 39. Be6 Re4 40. Ba2 Re3+ 41.
Kg4 Re2 42. Bd5 Rd2 43. Be6 a3 44. Ra7 Kg8 0-1

[Event "Geza Hetenyi Mem 2023"]
[Site "Budapest HUN"]
[Date "2023.07.15"]
[Round "5.3"]
[White "Kozak, Adam"]
[Black "Matlakov, Maxim"]
[Result "0-1"]
[WhiteTitle "GM"]
[BlackTitle "GM"]
[WhiteElo "2571"]
[BlackElo "2673"]
[WhiteFideId "753246"]
[BlackFideId "4168003"]
[EventDate "2023.07.11"]

1. d4 Nf6 2. c4 e6 3. Nc3 Bb4 4. e3 O-O 5. Bd3 d5 6. a3 dxc4 7. Bxh7+ Nxh7 8.
axb4 Nc6 9. b5 Nb4 10. Nf3 Nd3+ 11. Kf1 Nf6 12. h3 e5 13. b3 Nxc1 14. Rxc1 exd4
15. Nxd4 cxb3 16. Qxb3 a6 17. Ra1 Qd6 18. Ke2 Bd7 19. Qc4 axb5 20. Ncxb5 Bxb5
21. Nxb5 Qe5 22. Rxa8 Rxa8 23. Nc3 b5 24. Nxb5 Rb8 25. Nd4 Qh5+ 26. f3 Rb2+ 27.
Kd3 Qg6+ 28. e4 Nxe4 29. Qxc7 Nf6+ 0-1

[Event "Geza Hetenyi Mem 2023"]
[Site "Budapest HUN"]
[Date "2023.07.15"]
[Round "5.4"]
[White "Shevchenko, Kirill"]
[Black "Eljanov, Pavel"]
[Result "0-1"]
[WhiteTitle "GM"]
[BlackTitle "GM"]
[WhiteElo "2694"]
[BlackElo "2694"]
[WhiteFideId "14129574"]
[BlackFideId "14102951"]
[EventDate "2023.07.11"]

1. c4 e6 2. g3 d5 3. Bg2 Nf6 4. Nf3 Be7 5. O-O O-O 6. b3 c5 7. Bb2 d4 8. b4 a6
9. bxc5 Nc6 10. d3 e5 11. Nbd2 Nd7 12. Rb1 Nxc5 13. Ba3 h6 14. Qc2 Rb8 15. Nb3
Ne6 16. Bxe7 Qxe7 17. Rfe1 Rd8 18. Nh4 Qc7 19. Qd2 b6 20. c5 Nxc5 21. Rec1 Be6
22. Qb2 Bxb3 23. axb3 Nb4 24. Nf3 a5 25. Nd2 Qe7 26. Ne4 Nxe4 27. Bxe4 Rbc8 28.
h4 g6 29. Bg2 Kg7 30. Qd2 Rxc1+ 31. Rxc1 Qe6 32. Rc7 Rc8 33. Qc1 Rxc7 34. Qxc7
Na6 35. Qd8 Qxb3 36. Bd5 Qb1+ 37. Kg2 Qb5 38. h5 Nb4 39. Be4 g5 40. Qe7 Qc5 41.
Qd7 b5 42. Qf5 Qd6 43. f4 exf4 44. gxf4 Qf6 45. Qxb5 Nc2 46. f5 Ne3+ 47. Kh1 Qd6
48. Qxa5 Ng4 49. f6+ Qxf6 50. Bf3 Qe5 0-1

[Event "Geza Hetenyi Mem 2023"]
[Site "Budapest HUN"]
[Date "2023.07.15"]
[Round "5.5"]
[White "Tabatabaei, M. Amin"]
[Black "Praggnanandhaa, R"]
[Result "1-0"]
[WhiteTitle "GM"]
[BlackTitle "GM"]
[WhiteElo "2689"]
[BlackElo "2690"]
[WhiteFideId "12521213"]
[BlackFideId "25059530"]
[EventDate "2023.07.11"]

1. e4 e5 2. Nf3 Nc6 3. Bb5 a6 4. Ba4 Nf6 5. O-O Nxe4 6. d4 b5 7. Bb3 d5 8. dxe5
Be6 9. Nbd2 Be7 10. c3 Nc5 11. Nd4 Nxe5 12. Bc2 Qd6 13. b4 Na4 14. Re1 Bg4 15.
N2f3 Nxf3+ 16. gxf3 Be6 17. Nxe6 fxe6 18. f4 g6 19. Qg4 Kf7 20. f5 exf5 21. Bxf5
gxf5 22. Qxf5+ Ke8 23. Bg5 Rg8 24. f4 Nxc3 25. Qxh7 Rxg5+ 26. fxg5 Qxb4 27. Qg8+
Kd7 28. Qe6+ Kd8 29. g6 Qd4+ 30. Kh1 Qf6 31. Qg4 Qg7 32. Rf1 Ne4 33. Rad1 Nd6
34. Rxd5 c6 35. Rh5 Kc7 36. Qe6 Rf8 37. Re1 Nc8 38. Rh7 Qc3 39. Rxe7+ Nxe7 40.
Qxe7+ Kb6 41. Qe3+ Qxe3 42. Rxe3 Rg8 43. Rg3 c5 44. h4 c4 45. h5 b4 46. h6 c3
47. g7 c2 48. Rg1 Rd8 49. Rc1 Rd1+ 50. Kh2 Rxc1 51. g8=Q Rh1+ 52. Kxh1 c1=Q+ 53.
Qg1+ 1-0

[Event "Geza Hetenyi Mem 2023"]
[Site "Budapest HUN"]
[Date "2023.07.16"]
[Round "6.1"]
[White "Prohaszka, Peter2"]
[Black "Praggnanandhaa, R"]
[Result "0-1"]
[WhiteTitle "GM"]
[BlackTitle "GM"]
[WhiteElo "2585"]
[BlackElo "2690"]
[WhiteFideId "726265"]
[BlackFideId "25059530"]
[EventDate "2023.07.11"]

1. d4 Nf6 2. c4 e6 3. Nc3 Bb4 4. e3 O-O 5. Bd2 d5 6. Nf3 b6 7. cxd5 exd5 8. Bd3
Bd6 9. O-O Re8 10. Nb5 Bf8 11. Ne5 Ba6 12. Be1 c6 13. Nc3 Bxd3 14. Qxd3 Qc8 15.
Rc1 Qb7 16. f4 Nbd7 17. Bh4 Rac8 18. a3 a5 19. g4 c5 20. Bxf6 Nxf6 21. g5 Ne4
22. dxc5 Nxc3 23. c6 Rxc6 24. Nxc6 Rxe3 25. Qxe3 Bc5 26. Rxc3 Bxe3+ 27. Rxe3
Qxc6 28. Rd1 Qc5 29. Kf2 h6 30. Rd2 Qc4 31. Rf3 h5 32. g6 fxg6 33. Kg2 Qe4 34.
Kf2 Kf7 35. Rfd3 Qh1 36. Rxd5 Qxh2+ 37. Kf3 Qh3+ 38. Kf2 Qh4+ 39. Kg2 Qg4+ 40.
Kf1 Qf3+ 41. Kg1 Kg8 42. R5d4 Qg3+ 43. Kf1 h4 44. R2d3 Qg4 45. Rd8+ Kh7 46. Rf8
g5 47. fxg5 Qxg5 48. Rf2 Qb5 49. Rd2 g5 50. Kg2 Kg6 51. Rd6+ Kh5 52. R6d5 Qc6
53. Kh2 Qc4 54. R5d4 Qf1 55. Rd8 Qf4+ 56. Kh1 h3 57. Kg1 Qe5 58. R8d7 Qe4 59.
Kh2 g4 60. R7d5+ Kh4 61. R5d3 Qe5+ 62. Kg1 Qe1+ 0-1

[Event "Geza Hetenyi Mem 2023"]
[Site "Budapest HUN"]
[Date "2023.07.16"]
[Round "6.2"]
[White "Eljanov, Pavel"]
[Black "Tabatabaei, M. Amin"]
[Result "1-0"]
[WhiteTitle "GM"]
[BlackTitle "GM"]
[WhiteElo "2694"]
[BlackElo "2689"]
[WhiteFideId "14102951"]
[BlackFideId "12521213"]
[EventDate "2023.07.11"]

1. e4 e5 2. Nf3 Nc6 3. Bc4 Nf6 4. d3 Bc5 5. Nc3 h6 6. O-O d6 7. Na4 Bb6 8. c3
O-O 9. Nxb6 axb6 10. Re1 Bg4 11. Bb3 Qd7 12. h3 Bh5 13. Kh1 Kh8 14. Qe2 g5 15.
Qe3 Bg6 16. Nh2 Kg7 17. Bc2 b5 18. Bd2 d5 19. Red1 d4 20. Qe1 Nh5 21. a4 dxc3
22. bxc3 b4 23. Nf3 Nf4 24. Bxf4 gxf4 25. d4 Bh5 26. dxe5 Qe6 27. Nd4 Nxd4 28.
Rxd4 bxc3 29. Rb1 Kh7 30. Bb3 Qe7 31. Qxc3 Qxe5 32. Rc1 f3 33. g4 Bg6 34. Rb4
Qg5 35. Rb5 Qe7 36. Rxb7 h5 37. gxh5 Bxe4 38. Bc2 Qe6 39. Bxe4+ Qxe4 40. Rb4 Qf5
41. Qc2 Ra5 42. Qxf5+ Rxf5 43. Rxc7 Rxh5 44. Kh2 Rf5 45. Rh4+ Kg6 46. Rg4+ Kf6
47. Kg3 Rb8 48. Rcc4 Rb3 49. Rgf4 1-0

[Event "Geza Hetenyi Mem 2023"]
[Site "Budapest HUN"]
[Date "2023.07.16"]
[Round "6.4"]
[White "Wojtaszek, Radoslaw"]
[Black "Kozak, Adam"]
[Result "1/2-1/2"]
[WhiteTitle "GM"]
[BlackTitle "GM"]
[WhiteElo "2676"]
[BlackElo "2571"]
[WhiteFideId "1118358"]
[BlackFideId "753246"]
[EventDate "2023.07.11"]

1. Nf3 Nf6 2. g3 b6 3. d4 Bb7 4. c4 e6 5. Bg2 Be7 6. Nc3 O-O 7. O-O Ne4 8. Bd2
d6 9. Nxe4 Bxe4 10. Bc3 Nd7 11. Ne1 Nf6 12. Rc1 d5 13. Qa4 Qe8 14. Qxe8 Rfxe8
15. cxd5 Bxg2 16. Kxg2 Nxd5 17. Bd2 f5 18. Nd3 Bf6 19. e3 e5 20. dxe5 Bxe5 21.
Nxe5 Rxe5 22. b4 Re6 23. Rc4 a6 24. Rfc1 Rd8 25. h3 g6 26. Kf3 Rd7 27. R1c2 Kf7
28. g4 Ke8 29. gxf5 gxf5 30. Rh4 Rf7 31. Rcc4 Kd7 32. Rcd4 Rd6 33. Ke2 Ne7 34.
a4 Rxd4 35. Rxd4+ Ke8 36. Bc3 Ng6 37. a5 b5 38. Rd5 Ne7 39. Rd1 Ng6 40. Bd4 Kd7
41. f4 Kc8 42. Rc1 Kd7 43. Bc5 Ke6 44. Bd4 Kd7 45. Kd3 Ne7 46. Bc5 Nd5 47. Rg1 1/2-1/2

[Event "Geza Hetenyi Mem 2023"]
[Site "Budapest HUN"]
[Date "2023.07.16"]
[Round "6.5"]
[White "Sjugirov, Sanan"]
[Black "Maghsoodloo, Parham"]
[Result "1-0"]
[WhiteTitle "GM"]
[BlackTitle "GM"]
[WhiteElo "2699"]
[BlackElo "2719"]
[WhiteFideId "4189302"]
[BlackFideId "12539929"]
[EventDate "2023.07.11"]

1. e4 c5 2. Nf3 d6 3. Bb5+ Nd7 4. c4 Nf6 5. Nc3 g6 6. h3 Bg7 7. d3 O-O 8. Ba4 a6
9. O-O Qc7 10. Be3 e6 11. Qd2 b6 12. Rae1 Ne5 13. Nh2 Nc6 14. Bxc6 Qxc6 15. Bh6
b5 16. Bxg7 Kxg7 17. f4 b4 18. Nd1 d5 19. cxd5 exd5 20. e5 Ng8 21. Ne3 d4 22.
Nc4 Ne7 23. Nf3 Be6 24. g4 Bxc4 25. dxc4 Rae8 26. Ng5 h6 27. Ne4 Ng8 28. Nd6 Re6
29. f5 Rxe5 30. Rxe5 Qxd6 31. Rd5 Qg3+ 32. Qg2 Qe3+ 33. Qf2 Qxh3 34. fxg6 Ne7
35. Rxc5 Nxg6 36. Qf3 Qh4 37. Rd5 d3 38. c5 f5 39. gxf5 Kh8 40. Qf2 Qg5+ 41. Kh1
Ne7 42. Rxd3 Nxf5 43. Kh2 Re8 44. Rg1 Qh5+ 45. Rh3 Qf7 46. Rg5 Re5 47. c6 Kh7
48. Rg2 Re4 49. Rf3 Qc7+ 50. Kg1 Rc4 51. Qd2 Qb6+ 52. Rff2 Qc5 53. Qd7+ Ne7 54.
Qd3+ Kh8 55. Qd8+ Kh7 56. Qd3+ Kh8 57. Qf3 Rc1+ 58. Kh2 Qe5+ 59. Rg3 Ng8 60. Qf7
Rh1+ 61. Kxh1 Qxg3 62. Qf4 Qh3+ 63. Kg1 Qd3 64. Qe5+ Kh7 65. Rf7+ 1-0

[Event "Geza Hetenyi Mem 2023"]
[Site "Budapest HUN"]
[Date "2023.07.17"]
[Round "7.1"]
[White "Maghsoodloo, Parham"]
[Black "Prohaszka, Peter2"]
[Result "1/2-1/2"]
[WhiteTitle "GM"]
[BlackTitle "GM"]
[WhiteElo "2719"]
[BlackElo "2585"]
[WhiteFideId "12539929"]
[BlackFideId "726265"]
[EventDate "2023.07.11"]

1. c4 e6 2. Nc3 d5 3. d4 Nf6 4. cxd5 exd5 5. Bg5 c6 6. e3 Bf5 7. Qf3 Bg6 8. Bxf6
Qxf6 9. Qxf6 gxf6 10. h4 h5 11. Nh3 Bd6 12. Nf4 Nd7 13. g3 Nb6 14. f3 O-O-O 15.
Kf2 Kb8 16. Be2 Rde8 17. g4 Bxf4 18. exf4 f5 19. Rag1 fxg4 20. fxg4 hxg4 21.
Rxg4 Nc8 22. Rg5 Nd6 23. Re5 f6 24. Rxe8+ Bxe8 25. Bg4 Kc7 26. Ne2 Ne4+ 27. Ke3
Bd7 28. Bxd7 Kxd7 29. f5 Re8 30. Kf3 Nd2+ 31. Kf2 Ne4+ 32. Kg2 Ke7 33. h5 Kf7
34. h6 Ng5 35. Nf4 Kg8 36. Nh5 Rf8 37. Kg3 Kh7 38. Kf4 Ne4 39. Rh3 Rf7 40. Ng7
Ng5 41. Re3 Rf8 42. Re7 Kxh6 43. Rxb7 a5 44. a4 Rg8 45. Ne6 Re8 46. Nc5 Kh5 47.
b4 axb4 48. a5 Nh3+ 49. Kf3 Ng5+ 50. Kf4 Nh3+ 51. Kf3 Ng5+ 52. Kf4 1/2-1/2

[Event "Geza Hetenyi Mem 2023"]
[Site "Budapest HUN"]
[Date "2023.07.17"]
[Round "7.2"]
[White "Kozak, Adam"]
[Black "Sjugirov, Sanan"]
[Result "0-1"]
[WhiteTitle "GM"]
[BlackTitle "GM"]
[WhiteElo "2571"]
[BlackElo "2699"]
[WhiteFideId "753246"]
[BlackFideId "4189302"]
[EventDate "2023.07.11"]

1. e4 c5 2. Nf3 d6 3. d4 cxd4 4. Nxd4 Nf6 5. Nc3 a6 6. Bg5 Nbd7 7. Be3 h5 8. f3
e6 9. Be2 Qc7 10. a4 b6 11. O-O Bb7 12. Qe1 h4 13. h3 Be7 14. Bd3 Ne5 15. f4 Nc4
16. Bc1 Rc8 17. b3 Na5 18. Bd2 Nc6 19. Nxc6 Qxc6 20. Rd1 Qc5+ 21. Kh2 Qc7 22.
Kg1 Qc5+ 23. Kh2 Qc7 24. Kg1 Nd7 25. Bc4 g6 26. Be3 Rg8 27. Bf2 Bf6 28. Bd4
Bxd4+ 29. Rxd4 Qc5 30. Qf2 g5 31. fxg5 Ne5 32. b4 Qc7 33. Nd1 Qe7 34. Ne3 Qxg5
35. Bb3 Qg3 36. Rxd6 Bxe4 37. Qxg3 Rxg3 38. Kf2 Rc3 39. Re1 Ke7 40. Rd4 f5 41.
Re2 Nc6 42. Rxe4 fxe4 43. Nd1 Rxb3 44. cxb3 Rd3 45. Ke1 Rxb3 46. Rxe4 Rxb4 47.
Rxb4 Nxb4 48. Kf2 Kf6 49. g3 Kg5 50. Kf3 Nd3 51. Nc3 Nc5 52. Kf2 Kf5 53. Kf3
hxg3 54. h4 g2 55. Kxg2 Kg4 56. Kf2 Kxh4 57. Ke3 Kg4 58. Kd4 Kf5 59. Kc4 Nxa4 0-1

[Event "Geza Hetenyi Mem 2023"]
[Site "Budapest HUN"]
[Date "2023.07.17"]
[Round "7.3"]
[White "Shevchenko, Kirill"]
[Black "Wojtaszek, Radoslaw"]
[Result "1/2-1/2"]
[WhiteTitle "GM"]
[BlackTitle "GM"]
[WhiteElo "2694"]
[BlackElo "2676"]
[WhiteFideId "14129574"]
[BlackFideId "1118358"]
[EventDate "2023.07.11"]

1. d4 Nf6 2. c4 e6 3. g3 d5 4. Bg2 Bb4+ 5. Bd2 a5 6. Nf3 O-O 7. Qc2 c5 8. dxc5
d4 9. Bxb4 axb4 10. Ne5 Qc7 11. Nd3 Na6 12. Nd2 e5 13. O-O Bf5 14. Nb3 Rad8 15.
Qd2 Be4 16. Bh3 Rfe8 17. Nxb4 Nxc5 18. Nd3 Ne6 19. Rac1 h6 20. Bxe6 Rxe6 21.
Ndc5 Rc6 22. Nxe4 Nxe4 23. Qd3 Nf6 24. c5 e4 25. Qc4 Rd5 26. Rcd1 d3 27. exd3
Qd7 28. f3 exd3 29. Rd2 Re6 30. Nc1 Rd4 31. Qc3 Re3 32. Rfd1 Rxf3 33. Rxd3 Rdxd3
34. Rxd3 Rxd3 35. Nxd3 Ne4 36. Qc2 Qd4+ 37. Kg2 Qe3 38. Nf4 Nxc5 39. Qe2 Qd4 40.
Qe8+ Kh7 41. Qxf7 Qxb2+ 1/2-1/2

[Event "Geza Hetenyi Mem 2023"]
[Site "Budapest HUN"]
[Date "2023.07.17"]
[Round "7.4"]
[White "Tabatabaei, M. Amin"]
[Black "Matlakov, Maxim"]
[Result "1/2-1/2"]
[WhiteTitle "GM"]
[BlackTitle "GM"]
[WhiteElo "2689"]
[BlackElo "2673"]
[WhiteFideId "12521213"]
[BlackFideId "4168003"]
[EventDate "2023.07.11"]

1. c4 Nf6 2. Nc3 e5 3. Nf3 Nc6 4. g3 Nd4 5. Bg2 Nxf3+ 6. Bxf3 Bc5 7. O-O c6 8.
Bg2 O-O 9. Na4 Be7 10. d4 exd4 11. Qxd4 d5 12. b3 dxc4 13. Qxc4 b5 14. Qxc6 Rb8
15. Nb2 Bb7 16. Qc2 Bxg2 17. Kxg2 Qd5+ 18. Kg1 Rbc8 19. Qd3 Rfd8 20. a4 Qe6 21.
Qxb5 Rd5 22. Qb7 Qh3 23. Nd3 Ng4 24. Qxc8+ Rd8 25. Qxg4 Qxg4 26. Re1 h5 27. Be3
h4 28. Rac1 h3 29. f3 Qe6 30. Bxa7 Qxb3 31. a5 Bg5 32. Rcd1 Qa2 33. Bb6 Re8 34.
Kf1 Bd2 35. Rxd2 Qxd2 36. a6 Qh6 37. Rb1 Qd2 38. Re1 Qa2 39. a7 g5 40. Nf2 Qa6
41. Bd4 Qa4 42. Ra1 Qxd4 43. a8=Q Rxa8 44. Rxa8+ Kg7 45. g4 Qd6 46. Nxh3 Qd1+
47. Kg2 Qxe2+ 48. Nf2 f6 49. Ra5 Kg6 50. Rf5 Qc2 51. Rd5 Kg7 52. Rd4 Kg6 53. h3
Qb2 54. Re4 Qd2 55. Re6 Kf7 56. Ra6 Kg7 57. Ra1 Qe2 58. Rh1 Kg6 59. h4 gxh4 60.
Rxh4 f5 61. Rh8 fxg4 62. Rg8+ Kf5 63. Rxg4 Qb2 64. Re4 Qc2 65. Re8 Qb2 66. Kg3
Qa1 67. Kg2 Qb2 68. Rf8+ Kg6 69. Rf4 Kg5 70. Re4 Kf5 71. Kg3 Qb8+ 72. Kg2 Qb2
73. Ra4 Qg7+ 74. Rg4 Qb2 75. Rg8 Qd2 76. Rf8+ Kg6 77. Rg8+ Kf5 78. Rf8+ Kg6 79.
Rg8+ 1/2-1/2

[Event "Geza Hetenyi Mem 2023"]
[Site "Budapest HUN"]
[Date "2023.07.17"]
[Round "7.5"]
[White "Praggnanandhaa, R"]
[Black "Eljanov, Pavel"]
[Result "1/2-1/2"]
[WhiteTitle "GM"]
[BlackTitle "GM"]
[WhiteElo "2690"]
[BlackElo "2694"]
[WhiteFideId "25059530"]
[BlackFideId "14102951"]
[EventDate "2023.07.11"]

1. c4 e6 2. Nc3 d5 3. d4 Nf6 4. cxd5 exd5 5. Bg5 Be7 6. e3 h6 7. Bh4 Bg4 8. Nf3
c6 9. Bd3 O-O 10. O-O Ne4 11. Bxe7 Qxe7 12. Be2 Nd7 13. Ne1 Bxe2 14. Qxe2 a5 15.
Qc2 h5 16. Nd3 h4 17. h3 Rfe8 18. Rfe1 Qg5 19. Rab1 Nd6 20. a4 Qf5 21. Rec1 Nb6
22. b3 Re7 23. Qd1 g5 24. Qg4 Qxg4 25. hxg4 Kg7 26. Nc5 Nd7 27. Nxd7 Rxd7 28. b4
axb4 29. Rxb4 Kg6 30. Nd1 f5 31. gxf5+ Kxf5 32. Nb2 g4 33. Nd3 h3 34. gxh3 gxh3
35. Kh2 Rg7 36. Rg1 Rxg1 37. Kxg1 Ke4 38. Rb3 Rg8+ 39. Kh2 Kf3 40. Rb2 Ke4 41.
Nc5+ Kf3 42. Nd3 Rg7 43. Ne5+ Ke4 44. Re2 Nc4 45. f3+ Kf5 46. Ng4 b5 47. axb5
cxb5 48. Kxh3 b4 49. Nf2 b3 50. Nd3 Re7 51. e4+ dxe4 52. fxe4+ Rxe4 53. Rxe4
Kxe4 54. Nc5+ 1/2-1/2

[Event "Geza Hetenyi Mem 2023"]
[Site "Budapest HUN"]
[Date "2023.07.18"]
[Round "8.1"]
[White "Prohaszka, Peter2"]
[Black "Eljanov, Pavel"]
[Result "1/2-1/2"]
[WhiteTitle "GM"]
[BlackTitle "GM"]
[WhiteElo "2585"]
[BlackElo "2694"]
[WhiteFideId "726265"]
[BlackFideId "14102951"]
[EventDate "2023.07.11"]

1. Nf3 d5 2. g3 Bg4 3. Bg2 c6 4. h3 Bxf3 5. Bxf3 Nf6 6. d3 e5 7. O-O Nbd7 8. e4
dxe4 9. dxe4 Be7 10. Nd2 Qc7 11. Nb3 O-O 12. Qe2 b5 13. Bd2 Nb6 14. Na5 Rfd8 15.
c4 b4 16. a3 bxa3 17. b4 c5 18. b5 a6 19. Rfc1 axb5 20. cxb5 c4 21. Nc6 Re8 22.
Ba5 Bf8 23. Bxb6 Qxb6 24. Qxc4 Nd7 25. Bd1 Nc5 26. Bb3 Re6 27. Ra2 h5 28. Rc3 h4
29. gxh4 Rf6 30. Nxe5 Nxb3 31. Qxb3 Qd4 32. Ng4 Rf4 33. Rc4 Qd7 34. Kg2 Qe6 35.
f3 f5 36. Ne5 fxe4 37. Rc3 Qxb3 38. Rxb3 exf3+ 39. Nxf3 Rb8 40. Nd2 Rf5 41. b6
Rf4 42. Nb1 Rxh4 1/2-1/2

[Event "Geza Hetenyi Mem 2023"]
[Site "Budapest HUN"]
[Date "2023.07.18"]
[Round "8.2"]
[White "Matlakov, Maxim"]
[Black "Praggnanandhaa, R"]
[Result "1/2-1/2"]
[WhiteTitle "GM"]
[BlackTitle "GM"]
[WhiteElo "2673"]
[BlackElo "2690"]
[WhiteFideId "4168003"]
[BlackFideId "25059530"]
[EventDate "2023.07.11"]

1. e4 e5 2. Nf3 Nc6 3. Bb5 a6 4. Ba4 Nf6 5. Nc3 Bc5 6. O-O b5 7. Bb3 O-O 8. a4
b4 9. Nd5 Nxe4 10. d3 Nf6 11. Bg5 Be7 12. Nxe7+ Qxe7 13. Re1 h6 14. Nxe5 Nxe5
15. Bf4 d6 16. d4 Rd8 17. dxe5 dxe5 18. Qe2 e4 19. Qc4 c5 20. Be3 Be6 21. Qxc5
Qxc5 22. Bxc5 Bxb3 23. cxb3 Rd3 24. Bxb4 Rxb3 25. Bc3 Nd5 26. Rxe4 Nxc3 27. bxc3
Rxc3 28. Rd1 Rac8 29. g4 Rc1 30. Rxc1 Rxc1+ 31. Kg2 g5 32. h4 gxh4 33. Kh3 Rh1+
34. Kg2 Ra1 35. Kh3 Rh1+ 36. Kg2 Ra1 37. Kh3 Rh1+ 38. Kg2 Ra1 39. Kh3 Rh1+ 40.
Kg2 Ra1 1/2-1/2

[Event "Geza Hetenyi Mem 2023"]
[Site "Budapest HUN"]
[Date "2023.07.18"]
[Round "8.3"]
[White "Wojtaszek, Radoslaw"]
[Black "Tabatabaei, M. Amin"]
[Result "1/2-1/2"]
[WhiteTitle "GM"]
[BlackTitle "GM"]
[WhiteElo "2676"]
[BlackElo "2689"]
[WhiteFideId "1118358"]
[BlackFideId "12521213"]
[EventDate "2023.07.11"]

1. d4 Nf6 2. c4 e6 3. Nc3 d5 4. Bg5 Be7 5. e3 h6 6. Bh4 O-O 7. Nf3 Nbd7 8. Rc1
c5 9. cxd5 Nxd5 10. Bxe7 Nxe7 11. Be2 b6 12. O-O Bb7 13. dxc5 Nxc5 14. b4 Ne4
15. Nxe4 Bxe4 16. Qa4 Rc8 17. b5 Rxc1 18. Rxc1 Bxf3 19. Bxf3 Qb8 20. Rd1 Qc7 21.
h4 Rc8 22. h5 Kh8 23. Bc6 Rd8 24. Rxd8+ Qxd8 25. Qxa7 Qd1+ 26. Kh2 Qxh5+ 27. Kg1
Qd1+ 28. Kh2 Qh5+ 29. Kg1 Qd1+ 30. Kh2 Qh5+ 1/2-1/2

[Event "Geza Hetenyi Mem 2023"]
[Site "Budapest HUN"]
[Date "2023.07.18"]
[Round "8.4"]
[White "Sjugirov, Sanan"]
[Black "Shevchenko, Kirill"]
[Result "1/2-1/2"]
[WhiteTitle "GM"]
[BlackTitle "GM"]
[WhiteElo "2699"]
[BlackElo "2694"]
[WhiteFideId "4189302"]
[BlackFideId "14129574"]
[EventDate "2023.07.11"]

1. e4 c5 2. Nf3 Nc6 3. Bb5 g6 4. O-O Bg7 5. Re1 e5 6. Bxc6 dxc6 7. d3 Qe7 8.
Nbd2 Be6 9. b3 Nf6 10. Nc4 Nd7 11. Ng5 Nf8 12. a4 h6 13. Nxe6 Nxe6 14. Bd2 O-O
15. Rb1 Qd7 16. b4 b5 17. axb5 cxb5 18. Ne3 Rfc8 19. Nd5 Nc7 20. c4 cxb4 21.
Rxb4 a5 22. Nb6 Qe6 23. Nxa8 axb4 24. Nxc7 Rxc7 25. cxb5 Bf8 26. Be3 Bc5 27.
Bxc5 Rxc5 28. Qa4 Qb6 29. Qxb4 Rxb5 30. Qc3 Rb2 31. Rf1 Qb5 32. Rd1 h5 33. h4
Qb6 34. Qe1 Qb3 35. g3 Qc2 36. Kg2 Kg7 37. Kg1 Kg8 38. Kg2 Kg7 39. Qg1 Rb3 40.
Qf1 Ra3 41. Kf3 Ra2 42. Re1 Rb2 43. Rc1 Qb3 44. Rd1 Qc2 45. Rc1 Qb3 46. Rd1 Qc2
47. Qe1 Qb3 48. Kg2 Qc2 49. d4 exd4 50. Rxd4 Rb1 51. Qe3 Qc5 52. Rd3 Qxe3 53.
Rxe3 Kf6 54. Rf3+ Kg7 55. Ra3 Rb5 56. Ra7 Kf8 57. Rd7 Rb3 58. Rd5 Ke7 59. f4 Re3
60. Re5+ Kf6 61. Kf2 Ra3 62. Rd5 Rb3 63. Rg5 Rb2+ 64. Ke3 Rb3+ 65. Ke2 Rb2+ 66.
Kd3 Rb3+ 67. Kc4 Re3 68. Kd5 Rd3+ 69. Kc5 Re3 70. Kd4 Rf3 71. f5 gxf5 72. Rxh5
fxe4 73. Rg5 Rf1 74. Kxe4 Ke6 75. Re5+ Kf6 76. Rg5 Ke6 77. g4 Re1+ 78. Kf3 Ke7
79. Rg8 Rh1 80. h5 f5 81. g5 Rxh5 82. Kf4 Kf7 83. Ra8 Rh1 1/2-1/2

[Event "Geza Hetenyi Mem 2023"]
[Site "Budapest HUN"]
[Date "2023.07.18"]
[Round "8.5"]
[White "Maghsoodloo, Parham"]
[Black "Kozak, Adam"]
[Result "0-1"]
[WhiteTitle "GM"]
[BlackTitle "GM"]
[WhiteElo "2719"]
[BlackElo "2571"]
[WhiteFideId "12539929"]
[BlackFideId "753246"]
[EventDate "2023.07.11"]

1. c4 Nf6 2. Nf3 b6 3. d4 e6 4. g3 Bb7 5. Bg2 Be7 6. O-O O-O 7. Re1 Na6 8. Nc3
Ne4 9. Bf4 Nxc3 10. bxc3 Be4 11. h4 h6 12. h5 Nb8 13. Bf1 d6 14. Nd2 Bb7 15. e4
Bg5 16. Be3 Bxe3 17. Rxe3 e5 18. a4 Nd7 19. a5 Nf6 20. c5 bxc5 21. dxe5 dxe5 22.
a6 Bc6 23. Nc4 Qe7 24. Na5 Bd7 25. Rb1 Bc8 26. Bc4 Ng4 27. Rd3 Qg5 28. Qd2 Qxh5
29. f3 Nf6 30. Nc6 Re8 31. Rb7 Be6 32. Bb5 c4 33. Re3 Qg5 34. Rxc7 Qxg3+ 35. Kf1
Kh7 36. Ke2 Rec8 37. Re7 Qg1 38. Qd6 Qg2+ 39. Kd1 Qg1+ 40. Re1 Qb6 41. Rb7 Rd8
42. Qxd8 Rxd8+ 43. Ke2 Rd2+ 44. Kxd2 Qf2+ 45. Re2 Qxf3 46. Nb4 Nxe4+ 47. Rxe4
Qxe4 48. Ba4 Qf4+ 49. Kc2 Qf2+ 50. Kc1 h5 51. Bc2+ Kh6 52. Nc6 Bd5 53. Nd8 Bxb7
54. axb7 Qg1+ 55. Kd2 Qg5+ 0-1